| Tag |
First Indicator |
Second Indicator |
Subfields |
| LEADER |
00000cam a2200000 i 4500 |
| 001 |
in00000093241 |
| 005 |
20150925085424.0 |
| 008 |
800401r19661792kyu b 00010 eng d |
| 035 |
|
|
|a (OCoLC)06153065
|
| 035 |
|
|
|9 AAL1830AM
|
| 040 |
|
|
|a TXA
|c TXA
|d UtOrBLW
|
| 043 |
|
|
|a n------
|
| 049 |
|
|
|a TXAI
|
| 099 |
|
|
|a fiche
|a B
|a 1049
|
| 100 |
1 |
|
|a Asplund, John,
|d 1747-1807.
|
| 245 |
1 |
4 |
|a The annual register of the Baptist denomination, in North America, to the first of November, 1790 :
|b containing an account of the churches and their constitutions, ministers, members, associations, their plan and sentiments, rule and order, proceedings and correspondence : also remarks upon practical religion /
|c humbly offered to the public by John Asplund.
|
| 264 |
|
1 |
|a [Place of publication not identified] :
|b Asplund,
|c 1792.
|
| 300 |
|
|
|a 57, 69-70 pages ;
|c 22 x 17 cm.
|
| 336 |
|
|
|a text
|b txt
|2 rdacontent
|
| 337 |
|
|
|a microform
|b h
|2 rdamedia
|
| 338 |
|
|
|a microfiche
|b he
|2 rdacarrier
|
| 500 |
|
|
|a Preface signed: John Asplund, a Sweed: Southampton County, Virginia, July 14, 1791.
|
| 500 |
|
|
|a "Remarks" (i.e. errata, and additions): pages 69-70.
|
| 500 |
|
|
|a Evans, number 26582; an issue made up of sheets from the second, corrected, Richmond edition (April, 1792) with certain pages supplied from the Philadelphia edition of Sept. 1792.
|
| 500 |
|
|
|a "Copied from the original in the Library of Congress."
|
| 500 |
|
|
|a Microfiche. Louisville, Ky. : Lost Cause Press, 1966. -- 4 sheets ; 7.5 x 12.5 cm. -- (Sabin, Joseph, 1821-1881. [Bibliotheca Americana] Selected Americana. [Microfiche edition]).
|
| 500 |
|
|
|a Microform.
|
| 650 |
|
0 |
|a Baptists.
|
| 999 |
|
|
|a MARS
|
| 999 |
f |
f |
|s 710bd9c3-7f51-3588-9a15-3eccf82a61ea
|i 420419a3-51b9-3e55-a708-9b8e270d63dc
|t 0
|
| 952 |
f |
f |
|p default
|a Texas A&M University
|b College Station
|c Sterling C. Evans Library
|d Evans: Microforms (3rd floor)
|t 0
|e fiche B 1049
|h Other scheme
|i microform -- microfiche
|
| 998 |
f |
f |
|a fiche B 1049
|t 0
|l Evans: Microforms (3rd floor)
|